Teuerste Zugänge von Real Madrid - Statistiken

Allgemein
  • Dieses Quiz wurde 230 mal gespielt
  • Das Durchschnittsergebnis liegt bei 8 aus 15
Antwortstatistiken
Hint Antwort % Korrekt
4 Cristiano Ronaldo
96%
15 Vini Jr
85%
3 Gareth Bale
79%
2 Jude Bellingham
74%
1 Eden Hazard
67%
14 Rodrygo
67%
6 Zinedine Zidane
58%
5 Aurelien Tchouameni
51%
10 Luis Figo
48%
13 Endrick
41%
11 Eder Militao
38%
8 Kaka
30%
12 Ferland Mendy
29%
9 Luka Jovic
20%
7 James Rodriguez
19%
Keine übereinstimmenden Quizze gefunden
Verteilung der Resultate
Anzahl Personen mit jedem Resultat
Perzentil nach korrekt beantworteten Fragen
Ihre Resultats-Entwicklung
Sie haben dieses Quiz noch nicht gespielt